<?xml version="1.0" encoding="UTF-8"?>
<record
    xmlns:xsi="http://www.w3.org/2001/XMLSchema-instance"
    xsi:schemaLocation="http://www.loc.gov/MARC21/slim http://www.loc.gov/standards/marcxml/schema/MARC21slim.xsd"
    xmlns="http://www.loc.gov/MARC21/slim">

  <leader>01273nam a22001817a 4500</leader>
  <controlfield tag="003">IT-RoPau</controlfield>
  <controlfield tag="005">20220918175936.0</controlfield>
  <controlfield tag="008">121206b        xxu||||| |||| 00| 0 eng d</controlfield>
  <datafield tag="040" ind1=" " ind2=" ">
    <subfield code="c">IT-RoPau</subfield>
  </datafield>
  <datafield tag="100" ind1=" " ind2=" ">
    <subfield code="a">Alberione Giacomo</subfield>
    <subfield code="c">ssp</subfield>
    <subfield code="9">14</subfield>
  </datafield>
  <datafield tag="245" ind1=" " ind2=" ">
    <subfield code="a">Ipsum audite</subfield>
    <subfield code="b">Raccolta "Ritiri mensili" predicati dal Primo Maestro a varie comunit&#xE0; in Italia e all'estero</subfield>
  </datafield>
  <datafield tag="250" ind1=" " ind2=" ">
    <subfield code="a">1&#xB0; ed.</subfield>
  </datafield>
  <datafield tag="260" ind1=" " ind2=" ">
    <subfield code="a">Roma</subfield>
    <subfield code="b">Pie Discepole del Divin Maestro</subfield>
    <subfield code="c">1994</subfield>
  </datafield>
  <datafield tag="300" ind1=" " ind2=" ">
    <subfield code="a">159 p.</subfield>
    <subfield code="c">20 cm</subfield>
  </datafield>
  <datafield tag="490" ind1=" " ind2=" ">
    <subfield code="a">Ipsum audite</subfield>
    <subfield code="v">9 (seconda serie)</subfield>
  </datafield>
  <datafield tag="520" ind1=" " ind2=" ">
    <subfield code="a">INDICE
Presentazione;
Alba, 29 maggio 1943;
Fede nel Paradiso;
Il Paradiso premio;
Waterville (Canada), luglio 1949;
Per qual fine siamo creati?;
Tenere lontano il peccato;
Le tentazioni;
Nota;
Sherbrooke, 9-10 luglio;
Le grandi verit&#xE0;;
Le grandi virt&#xF9;;
Le grandi devozioni;
Alba, Casa Madre, 12.3.1950 Quaresima-Santificazione interiore;
Amore operoso;
Avanti, con fervore;
Alba, Casa Madre, novembre 1950 Svuotare il Purgatorio-Evitare il Purgatorio;
Il fervore della carit&#xE0;;
Amore del prossimo;
Via Portuense, 7 novembre 1954;
Preghiera;
Spirito di fede;
Volont&#xE0; ferma e generosa;
Via Portuense, 5.2.1956;
L'Umilt&#xE0;-Solo a Dio onore e gloria;
L'Umilt&#xE0;-segreto della santit&#xE0;;
Nessuno &#xE8; pi&#xF9; felice dell'umile.
</subfield>
  </datafield>
  <datafield tag="942" ind1=" " ind2=" ">
    <subfield code="2">ddc</subfield>
    <subfield code="c">BK</subfield>
  </datafield>
  <datafield tag="999" ind1=" " ind2=" ">
    <subfield code="c">37617</subfield>
    <subfield code="d">37617</subfield>
  </datafield>
  <datafield tag="952" ind1=" " ind2=" ">
    <subfield code="0">0</subfield>
    <subfield code="1">0</subfield>
    <subfield code="2">ddc</subfield>
    <subfield code="4">0</subfield>
    <subfield code="6">P_A5</subfield>
    <subfield code="7">1</subfield>
    <subfield code="a">PAULUS</subfield>
    <subfield code="b">PAULUS</subfield>
    <subfield code="d">2012-12-06</subfield>
    <subfield code="l">0</subfield>
    <subfield code="o">P A5</subfield>
    <subfield code="r">2012-12-06 00:00:00</subfield>
    <subfield code="w">2012-12-06</subfield>
    <subfield code="y">BK</subfield>
  </datafield>
  <datafield tag="952" ind1=" " ind2=" ">
    <subfield code="0">0</subfield>
    <subfield code="1">0</subfield>
    <subfield code="2">ddc</subfield>
    <subfield code="4">0</subfield>
    <subfield code="6">P_A5</subfield>
    <subfield code="7">1</subfield>
    <subfield code="a">PAULUS</subfield>
    <subfield code="b">PAULUS</subfield>
    <subfield code="d">2013-11-16</subfield>
    <subfield code="l">0</subfield>
    <subfield code="o">P A5</subfield>
    <subfield code="r">2013-11-16 00:00:00</subfield>
    <subfield code="w">2013-11-16</subfield>
    <subfield code="y">BK</subfield>
  </datafield>
  <datafield tag="952" ind1=" " ind2=" ">
    <subfield code="0">0</subfield>
    <subfield code="1">0</subfield>
    <subfield code="2">ddc</subfield>
    <subfield code="4">0</subfield>
    <subfield code="6">P_A5</subfield>
    <subfield code="7">1</subfield>
    <subfield code="a">PAULUS</subfield>
    <subfield code="b">PAULUS</subfield>
    <subfield code="d">2013-11-16</subfield>
    <subfield code="l">0</subfield>
    <subfield code="o">P A5</subfield>
    <subfield code="r">2013-11-16 00:00:00</subfield>
    <subfield code="w">2013-11-16</subfield>
    <subfield code="y">BK</subfield>
  </datafield>
</record>
